Ultimate Minecraft Mob Quiz (All possible variations) - Statistics

General Stats
  • This quiz has been taken 10 times
  • The average score is 104 of 334
Answer Stats
Type Variation Mob % Correct
Passive Base Allay
60%
Passive Base Armadillo
60%
Neutral Base Bee (Regular or Angry)
60%
Passive Variation (Color) Blue Axolotl
60%
Passive Variation (Color) Brown [...] Horse
60%
Passive Variation (Natural) Brown Sheep
60%
Passive Variation 2 [...] Cartographer
60%
Passive Variation (Breed) Cold Chicken
60%
Passive Variation (Breed) Cold Cow
60%
Passive Variation (Breed) Cold Pig
60%
Passive Variation 2 [...] Farmer
60%
Hostile Base Hoglin
60%
Passive Variation (Breed) Jellie Cat
60%
Hostile Variation (Size) Medium Slime
60%
Passive Variation 2 [...] Nitwit
60%
Passive Variation (Modified) Orange Sheep
60%
Neutral Base Piglin
60%
Passive Variation (Natural) Pink Sheep
60%
Hostile Base Skeleton (Left- and Right-handed)
60%
Passive Base Tadpole
60%
Passive Variation (Breed) Temperate Chicken
60%
Passive Variation (Breed) Temperate Cow
60%
Passive Variation 2 [...] Toolsmith
60%
Passive Variation 2 [...] Unemployed Villager
60%
Passive Variation (Breed) Warm Chicken
60%
Passive Variation (Breed) Warm Cow
60%
Passive Variation (Breed) Warm Pig
60%
Passive Variation 2 [...] Weaponsmith
60%
Passive Variation (Color) White [...] Horse
60%
Passive Variation (Natural) White Sheep
60%
Hostile Base Zombie
60%
Passive Modified (Item) Armored [...] Horse
40%
Neutral Modified (Item) Armored [...] Wolf
40%
Passive Variation 2 [...] Armorer
40%
Neutral Variation (Breed) Ashen Wolf
40%
Passive Growth Baby Armadillo
40%
Passive Growth Baby [...] Axolotl
40%
Neutral Growth Baby Bee
40%
Passive Growth Baby Camel
40%
Passive Growth Baby [...] Chicken
40%
Passive Growth Baby [...] Cow
40%
Neutral Growth Baby Dolphin
40%
Passive Growth Baby Donkey
40%
Neutral Growth Baby Drowned
40%
Neutral Growth Baby [...] Fox
40%
Passive Growth Baby Glow Squid
40%
Hostile Growth Baby Hoglin
40%
Passive Growth Baby [...] Horse
40%
Hostile Growth Baby Husk
40%
Passive Growth Baby [...] Mooshroom
40%
Passive Growth Baby Mule
40%
Passive Growth Baby Ocelot
40%
Neutral Growth Baby [...] Panda
40%
Passive Growth Baby [...] Pig
40%
Neutral Growth Baby Piglin
40%
Neutral Growth Baby Polar Bear
40%
Passive Growth Baby [...] Sheep
40%
Passive Growth Baby Squid
40%
Passive Growth Baby [...] Strider
40%
Passive Growth Baby Turtle
40%
Neutral Growth Baby [...] Wolf
40%
Hostile Growth Baby Zoglin
40%
Hostile Growth Baby Zombie
40%
Passive Base Bat
40%
Hostile Variation (Size) Big Magma Cube
40%
Hostile Variation (Size) Big Slime
40%
Passive Variation (Pattern) [...] Black dots Horse
40%
Passive Variation (Color) Black [...] Horse
40%
Passive Variation (Breed) Black Rabbit
40%
Passive Variation (Natural) Black Sheep
40%
Neutral Variation (Breed) Black Wolf
40%
Hostile Base Blaze
40%
Passive Variation (Breed) Blue Parrot
40%
Passive Variation (Modified) Blue Sheep
40%
Passive Modified Brown Mooshroom
40%
Neutral Variation (Character) Brown Panda
40%
Passive Variation (Breed) Brown Rabbit
40%
Passive Variation 2 [...] Butcher
40%
Passive Variation (Breed) Calico Cat
40%
Passive Base Camel
40%
Neutral Base Cave Spider
40%
Passive Modified (Item) Chested Donkey
40%
Passive Modified (Item) Chested Mule
40%
Passive Variation (Color) Chestnut [...] Horse
40%
Neutral Variation (Breed) Chestnut Wolf
40%
Passive Variation 2 [...] Cleric
40%
Passive Base Cod
40%
Passive Variation (Color) Cold Frog
40%
Passive Variation (Color) Creamy [...] Horse
40%
Hostile Base Creeper
40%
Passive Variation (Color) Cyan Axolotl
40%
Passive Variation (Breed) Cyan Parrot
40%
Passive Variation (Modified) Cyan Sheep
40%
Passive Variation (Color) Dark Brown [...] Horse
40%
Passive Variation (Natural) Desert [...] Villager
40%
Neutral Base Dolphin
40%
Passive Base Donkey
40%
Neutral Base Drowned
40%
Hostile Base Elder Guardian
40%
Boss Base Ender Dragon
40%
Neutral Base Enderman
40%
Hostile Base Endermite
40%
Hostile Base Evoker
40%
Passive Variation 2 [...] Fisherman
40%
Neutral Base Fox
40%
Hostile Base Ghast
40%
Passive Growth Ghastling
40%
Passive Base Glow Squid
40%
Neutral Base Goat (2, 1 or 0 horns)
40%
Passive Variation (Color) Gold Axolotl
40%
Passive Variation (Color) Gray [...] Horse
40%
Passive Variation (Breed) Gray Parrot
40%
Passive Variation (Natural) Gray Sheep
40%
Passive Variation (Breed) Green Parrot
40%
Passive Variation (Modified) Green Sheep
40%
Hostile Base Guardian
40%
Passive Base Happy Ghast
40%
Passive Modified (Item) Harnessed Happy Ghast
40%
Hostile Base Husk
40%
Neutral Base Iron Golem (Intact or Cracked)
40%
Passive Variation (Modified) Jungle [...] Villager
40%
Passive Variation 2 [...] Leatherworker
40%
Passive Variation (Color) Leucistic Axolotl
40%
Passive Variation 2 [...] Librarian
40%
Passive Variation (Modified) Light Blue Sheep
40%
Passive Variation (Natural) Light Gray Sheep
40%
Passive Variation (Modified) Lime Sheep
40%
Passive Variation (Modified) Magenta Sheep
40%
Passive Variation 2 [...] Mason
40%
Hostile Variation (Size) Medium Magma Cube
40%
Passive Variation (Size) Medium Salmon
40%
Passive Base Mule
40%
Passive Base Ocelot
40%
Neutral Variation (Breed) Pale Wolf
40%
Neutral Base Panda
40%
Hostile Base Piglin Brute
40%
Hostile Base Pillager
40%
Passive Variation (Natural) Plains [...] Villager
40%
Neutral Base Polar Bear
40%
Neutral Base Pufferfish (all inflation levels)
40%
Passive Variation (Modified) Purple Sheep
40%
Hostile Base Ravager
40%
Passive Base Red Mooshroom
40%
Passive Variation (Breed) Red Parrot
40%
Passive Variation (Modified) Red Sheep
40%
Neutral Variation (Breed) Rusty Wolf
40%
Passive Modified (Item) Saddled Donkey
40%
Passive Modified (Item) Saddled [...] Horse
40%
Passive Modified (Item) Saddled Mule
40%
Passive Modified (Item) Saddled [...] Pig
40%
Passive Modified (Item) Saddled Skeleton Horse
40%
Passive Variation (Natural) Savanna [...] Villager
40%
Hostile Base Silverfish
40%
Passive Base Skeleton Horse
40%
Stacked Base Skeleton Horseman
40%
Hostile Variation (Size) Small Magma Cube
40%
Passive Variation (Size) Small Salmon
40%
Hostile Variation (Size) Small Slime
40%
Passive Base Sniffer
40%
Passive Base Snow Golem
40%
Passive Variation (Natural) Snowy [...] Villager
40%
Neutral Variation (Breed) Snowy Wolf
40%
Neutral Base Spider
40%
Neutral Variation (Breed) Spotted Wolf
40%
Passive Base Squid
40%
Passive Variation Strider (Idle or Shivering)
40%
Neutral Variation (Breed) Striped Wolf
40%
Passive Variation (Modified) Swamp [...] Villager
40%
Passive Variation (Natural) Taiga [...] Villager
40%
Neutral Modified (Item) Tamed [...] Wolf (all collar colors)
40%
Passive Variation (Color) Temperate Frog
40%
Passive Variation (Breed) Temperate Pig
40%
Passive Base Turtle
40%
Hostile Base Vex
40%
Hostile Base Vindicator
40%
Passive Base Wandering Trader
40%
Hostile Base Warden
40%
Passive Variation (Color) Warm Frog
40%
Passive Variation (Pattern) [...] White field Horse
40%
Passive Variation (Breed) White Rabbit
40%
Passive Variation (Color) Wild Axolotl
40%
Hostile Base Witch
40%
Neutral Variation (Breed) Woods Wolf
40%
Passive Variation (Modified) Yellow Sheep
40%
Hostile Base Zoglin
40%
Neutral Variation (Character) Aggressive Panda
20%
Neutral Modified (Item) Armored Nautilus
20%
Neutral Modified (Item) Armored Zombie Nautilus
20%
Passive Growth Baby [...] Cat
20%
Neutral Growth Baby [...] Goat
20%
Neutral Growth Baby [...] Llama
20%
Neutral Growth Baby Nautilus
20%
Passive Growth Baby [...] Rabbit
20%
Passive Growth Baby Skeleton Horse
20%
Neutral Growth Baby [...] Trader Llama
20%
Passive Growth Baby [...] Villager
20%
Passive Growth Baby Zombie Horse
20%
Hostile Growth Baby Zombie Villager (all villager subclasses)
20%
Passive Variation (Size) Big Salmon
20%
Passive Variation (Breed) Black Cat
20%
Passive Variation (Base Color) Black-[...] Tropical Fish
20%
Passive Variation (Pattern Color) [...]-Black Tropical Fish
20%
Passive Variation (Base Color) Blue-[...] Tropical Fish
20%
Passive Variation (Pattern Color) [...]-Blue Tropical Fish
20%
Hostile Base Bogged
20%
Hostile Base Breeze
20%
Passive Variation (Breed) British Shorthair Cat
20%
Passive Variation (Base Color) Brown-[...] Tropical Fish
20%
Passive Variation (Pattern Color) [...]-Brown Tropical Fish
20%
Stacked Variation (Rider) Chicken Jockey (Baby Drowned)
20%
Stacked Variation (Rider) Chicken Jockey (Baby Husk)
20%
Stacked Variation (Rider) Chicken Jockey (Baby Zombie)
20%
Stacked Variation (Rider) Chicken Jockey (Baby Zombie Villager)
20%
Stacked Modified (Items) Chicken Jockey (Villager)
20%
Stacked Modified (Items+Action) Chicken Jockey (Witch)
20%
Hostile Base Creaking
20%
Neutral Variation (Breed) Creamy Llama
20%
Neutral Variation (Breed) Creamy Trader Llama
20%
Passive Variation (Base Color) Cyan-[...] Tropical Fish
20%
Passive Variation (Pattern Color) [...]-Cyan Tropical Fish
20%
Neutral Modified (Item) Dressed [...] Llama (all Carpet/Rug colors)
20%
Passive Variation (Breed) Gold Rabbit
20%
Neutral Variation (Breed) Gray Llama
20%
Neutral Variation (Breed) Gray Trader Llama
20%
Passive Variation (Base Color) Gray-[...] Tropical Fish
20%
Passive Variation (Pattern Color) [...]-Gray Tropical Fish
20%
Passive Variation (Base Color) Green-[...] Tropical Fish
20%
Passive Variation (Pattern Color) [...]-Green Tropical Fish
20%
Stacked Base Hoglin Jockey (Baby Piglin) [up to 3 riders]
20%
Hostile Modified (Nametag) Johny (the Vindicator)
20%
Neutral Variation (Character) Lazy Panda
20%
Passive Modified (Item) Leashed Happy Ghast
20%
Passive Variation (Base Color) Light Blue-[...] Tropical Fish
20%
Passive Variation (Pattern Color) [...]-Light Blue Tropical Fish
20%
Passive Variation (Base Color) Light Gray-[...] Tropical Fish
20%
Passive Variation (Pattern Color) [...]-Light Gray Tropical Fish
20%
Passive Variation (Base Color) Lime-[...] Tropical Fish
20%
Passive Variation (Pattern Color) [...]-Lime Tropical Fish
20%
Passive Variation (Base Color) Magenta-[...] Tropical Fish
20%
Passive Variation (Pattern Color) [...]-Magenta Tropical Fish
20%
Neutral Base Nautilus
20%
Neutral Variation (State) Nectar Bee
20%
Passive Variation (Base Color) Orange-[...] Tropical Fish
20%
Passive Variation (Pattern Color) [...]-Orange Tropical Fish
20%
Passive Variation (Age) Oxidized Copper Golem
20%
Passive Variation (Breed) Persian Cat
20%
Hostile Base Phantom
20%
Passive Variation (Base Color) Pink-[...] Tropical Fish
20%
Passive Variation (Pattern Color) [...]-Pink Tropical Fish
20%
Neutral Variation (Character) Playful Panda
20%
Passive Variation (Base Color) Purple-[...] Tropical Fish
20%
Passive Variation (Pattern Color) [...]-Purple Tropical Fish
20%
Passive Variation (Breed) Ragdoll Cat
20%
Hostile Variation (Addon) Raid Captain (Evoker)
20%
Hostile Variation (Addon) Raid Captain (Vindicator)
20%
Hostile Variation (Addon) Raid/Patrol/Outpost Captain (Pillager)
20%
Stacked Variation (Rider) Ravager Jockey (Evoker)
20%
Stacked Variation (Rider) Ravager Jockey (Pillager)
20%
Stacked Variation (Rider) Ravager Jockey (Vindicator)
20%
Passive Variation (Breed) Red Cat
20%
Passive Variation (Base Color) Red-[...] Tropical Fish
20%
Passive Variation (Pattern Color) [...]-Red Tropical Fish
20%
Passive Modified (Items) Saddled Chested Donkey
20%
Passive Modified (Items) Saddled Chested Mule
20%
Neutral Modified (Item) Saddled Nautilus
20%
Passive Modified (Item) Saddled Zombie Horse
20%
Neutral Modified (Item) Saddled Zombie Nautilus
20%
Passive Variation (Breed) Salt Rabbit
20%
Neutral Variation (Character) Screaming Goat
20%
Passive Modified (Item) Sheared [...] Sheep
20%
Passive Modified (Item) Sheared Snow Golem
20%
Hostile Base Shulker
20%
Passive Variation (Breed) Siamese Cat
20%
Stacked Modified (Action) Skeleton Horseman (Stray)
20%
Passive Growth Snifflet
20%
Neutral Variation (Breed) Snow Fox
20%
Stacked Base Spider Jockey (Skeleton)
20%
Hostile Base Stray
20%
Stacked Variation (Rider Type + Time) Strider Jockey (Strider)
20%
Passive Variation (Breed) Tabby Cat
20%
Passive Variation (Breed) Tuxedo Cat
20%
Passive Variation (Age) Unoxidized Copper Golem
20%
Passive Modified Waxed [...] Copper Golem
20%
Neutral Variation (Character) Weak Panda
20%
Passive Variation (Age) Weathered Copper Golem
20%
Passive Variation (Breed) White Cat
20%
Neutral Variation (Breed) White Llama
20%
Passive Variation (Pattern) [...] White spots Horse
20%
Passive Variation (Pattern) [...] White stockings and blaze Horse
20%
Neutral Variation (Breed) White Trader Llama
20%
Passive Variation (Base Color) White-[...] Tropical Fish
20%
Passive Variation (Pattern Color) [...]-White Tropical Fish
20%
Boss Base Wither
20%
Hostile Base Wither Skeleton
20%
Neutral Variation (Character) Worried Panda
20%
Passive Variation (Base Color) Yellow-[...] Tropical Fish
20%
Passive Variation (Pattern Color) [...]-Yellow Tropical Fish
20%
Passive Base Zombie Horse
20%
Stacked Base Zombie Horseman (Zombie)
20%
Neutral Base Zombie Nautilus
20%
Stacked Base Zombie Nautilus Jockey (Drowned)
20%
Hostile Base Zombie Villager (all villager subclasses)
20%
Passive Variation (Shape+Pattern) [...]-[...] Betty (Large, Pattern 4) [Tropical Fish]
0%
Passive Variation (Shape+Pattern) [...]-[...] Blockfish (Large, Pattern 3) [Tropical Fish]
0%
Passive Variation (Shape+Pattern) [...]-[...] Brinely (Small, Pattern 4) [Tropical Fish]
0%
Neutral Variation (Breed) Brown Llama
0%
Neutral Variation (Breed) Brown Trader Llama
0%
Neutral Modified (Items) Chested Dressed [...] Llama
0%
Neutral Modified (Item) Chested [...] Llama
0%
Stacked Variation (Rider) Chicken Jockey (Baby Zombiefied Piglin)
0%
Passive Variation (Shape+Pattern) [...]-[...] Clayfish (Large, Pattern 5) [Tropical Fish]
0%
Passive Variation (Shape+Pattern) [...]-[...] Dasher (Small, Pattern 3) [Tropical Fish]
0%
Passive Variation (Age) Exposed Copper Golem
0%
Passive Variation (Shape+Pattern) [...]-[...] Flopper (Large, Pattern 0) [Tropical Fish]
0%
Passive Variation (Shape+Pattern) [...]-[...] Glitter (Large, Pattern 2) [Tropical Fish]
0%
Passive Modified (Nametag) jeb_ (the Sheep)
0%
Passive Variation (Shape+Pattern) [...]-[...] Kob (Small, Pattern 0) [Tropical Fish]
0%
Passive Modified (Item) Saddled [...] Strider
0%
Passive Variation 2 [...] Shepard
0%
Passive Variation (Shape+Pattern) [...]-[...] Snooper (Small, Pattern 2) [Tropical Fish]
0%
Stacked Modified (Action) Spider Jockey (Stray)
0%
Passive Variation (Shape+Pattern) [...]-[...] Spotty (Small, Pattern 5) [Tropical Fish]
0%
Stacked Variation (Rider Type) Strider Jockey (Baby Strider)
0%
Stacked Variation (Rider) Strider Jockey (Baby Zombiefied Piglin)
0%
Stacked Base Strider Jockey (Zombiefied Piglin)
0%
Passive Variation (Shape+Pattern) [...]-[...] Stripey (Large, Pattern 1) [Tropical Fish]
0%
Passive Variation (Shape+Pattern) [...]-[...] Sunstreak (Small, Pattern 1) [Tropical Fish]
0%
Passive Modified (Nametag) Toast (the Rabbit)
0%
Passive Base Unshorn [...] Sheep
0%
Passive Variation (Breed) White Splotched Rabbit
0%
Neutral Growth Zombiefied Baby Piglin
0%
Neutral Base Zombiefied Piglin
0%
Stacked Modified (Rider) Zombie Horseman (Drowned)
0%
No matching quizzes found
Score Distribution
Percent of People with Each Score
Percentile by Number Answered
Your Score History
You have not taken this quiz